[Event "Olimpiada Calviá 2004"]
[Site "Calviá ESP"]
[Date "2004.10.23"]
[Round "8.50"]
[White "Cave, Christo"]
[Black "Santa Torres, Juan"]
[Result "0-1"]
[WhiteElo "2276"]
[BlackElo "2229"]
[PlyCount "208"]
[EventDate "2004.10.15"]
[EventType "team"]
[EventRounds "14"]
[EventCountry "ESP"]
[Source "lmi"]
[SourceDate "2004.10.27"]

1. e4 c5 2. Nf3 e6 3. d3 Nc6 4. Be2 d5 5. Nbd2 g6 6. c3 Bg7 7. O-O Nge7 8. Qc2
O-O 9. Re1 b6 10. Nf1 d4 11. c4 e5 12. Nh4 Be6 13. Bd2 h6 14. g3 g5 15. Ng2 f5
16. f3 fxe4 17. fxe4 Ng6 18. Qd1 Qf6 19. Bg4 Qf2+ 20. Kh1 Rae8 21. Re2 Qxf1+
22. Qxf1 Rxf1+ 23. Rxf1 Bxg4 24. Ref2 Rf8 25. Kg1 Bh3 26. a3 a5 27. Rb1 Rxf2
28. Kxf2 Bf8 29. Ne1 Bd6 30. Nc2 Nf8 31. b4 cxb4 32. axb4 Nxb4 33. Nxb4 Bxb4
34. Bxb4 axb4 35. Rxb4 Nd7 36. Rb5 Kf7 37. Ke2 Ke7 38. Rb1 Kd6 39. Ra1 h5 40.
Ra8 h4 41. Rg8 hxg3 42. hxg3 g4 43. Rg6+ Ke7 44. Rg7+ Ke6 45. Rg8 Kf7 46. Rd8
Ke7 47. Rg8 Nf6 48. Rb8 Nd7 49. Rg8 Kd6 50. Rg6+ Kc5 51. Rg7 Nb8 52. Ra7 Nc6
53. Rd7 Nb4 54. Rf7 b5 55. cxb5 Kxb5 56. Rf5 Nc6 57. Rg5 Kc5 58. Rg7 Kd6 59.
Rg5 Ke7 60. Rg6 Nd8 61. Rg5 Nf7 62. Rg6 Nd6 63. Kf2 Ne8 64. Rc6 Nf6 65. Ra6 Nd7
66. Rc6 Kf7 67. Rc7 Ke6 68. Rc6+ Ke7 69. Kg1 Nf8 70. Kf2 Ne6 71. Rc1 Kd7 72.
Rc4 Ke7 73. Rc8 Nd8 74. Rc5 Nf7 75. Rc7+ Ke6 76. Rc6+ Nd6 77. Rc5 Ne8 78. Rc6+
Kd7 79. Rc5 Kd6 80. Rd5+ Ke6 81. Rc5 Nd6 82. Rc6 Kd7 83. Rc5 Nf7 84. Kg1 Ng5
85. Kf2 Nf3 86. Ra5 Kd6 87. Rd5+ Ke6 88. Rb5 Kd6 89. Rd5+ Kc7 90. Rc5+ Kb6 91.
Rd5 Kb7 92. Rb5+ Kc6 93. Ra5 Kd6 94. Rd5+ Ke6 95. Ra5 Ng5 96. Ra6+ Kd7 97. Ra5
Nf7 98. Rd5+ Ke6 99. Rc5 Nd8 100. Kg1 Nb7 101. Rc6+ Kd7 102. Rc4 Kd6 103. Kf2
Nc5 104. Ke2 Nxd3 0-1

[Event "Olimpiada Calviá 2004"]
[Site "Calviá ESP"]
[Date "2004.10.23"]
[Round "8.50"]
[White "Santa Torres, Luis A"]
[Black "Merritt, Mario"]
[Result "1-0"]
[WhiteElo "2196"]
[BlackElo "2079"]
[PlyCount "55"]
[EventDate "2004.10.15"]
[EventType "team"]
[EventRounds "14"]
[EventCountry "ESP"]
[Source "lmi"]
[SourceDate "2004.10.27"]

1. d4 Nf6 2. c4 e6 3. Nc3 Bb4 4. e3 c5 5. Bd3 Bxc3+ 6. bxc3 d6 7. Ne2 Nc6 8. e4
e5 9. d5 Ne7 10. Ng3 Ng6 11. O-O h6 12. Nf5 Bxf5 13. exf5 Ne7 14. Rb1 Qc7 15.
Qa4+ Nd7 16. f4 f6 17. fxe5 dxe5 18. d6 Qc6 19. Qxc6 Nxc6 20. Rxb7 Rb8 21. Rc7
Rb6 22. Be4 Nd8 23. Rd1 Rf8 24. Bf3 Rb8 25. Be3 a6 26. Bxc5 Rf7 27. Ba7 Rb7 28.
Bh5 1-0

[Event "Olimpiada Calviá 2004"]
[Site "Calviá ESP"]
[Date "2004.10.23"]
[Round "8.50"]
[White "Yee, Frank"]
[Black "Bermudez Adams, William"]
[Result "0-1"]
[WhiteElo "2101"]
[BlackElo "2138"]
[PlyCount "104"]
[EventDate "2004.10.15"]
[EventType "team"]
[EventRounds "14"]
[EventCountry "ESP"]
[Source "lmi"]
[SourceDate "2004.10.27"]

1. e4 c5 2. Nf3 d6 3. d4 cxd4 4. Nxd4 Nf6 5. Nc3 g6 6. Be2 Bg7 7. Be3 O-O 8.
O-O Nc6 9. Qd2 Nxd4 10. Bxd4 Be6 11. f4 Qc8 12. Kh1 Bc4 13. Rad1 b5 14. b3 Bxe2
15. Qxe2 b4 16. Nd5 Nxd5 17. exd5 Bxd4 18. Rxd4 Qc5 19. Rfd1 Rac8 20. h3 Qxc2
21. Qxe7 Qf2 22. R1d2 Rc1+ 23. Kh2 Qg1+ 24. Kg3 Rc3+ 25. R4d3 Qd4 26. Qe2 Rfc8
27. Rf3 Rxf3+ 28. gxf3 Qg1+ 29. Qg2 Qa1 30. Qf2 Rc1 31. Qd4 Rg1+ 32. Kh2 Qe1
33. Qxg1 Qxd2+ 34. Kg3 a5 35. Qb6 Qxd5 36. h4 h5 37. Qa7 Kg7 38. Qe3 Qc5 39.
Qe4 d5 40. Qe5+ Kf8 41. f5 gxf5 42. Qh8+ Ke7 43. Qe5+ Kd8 44. Qxf5 Qd6+ 45. Kg2
Qg6+ 46. Qg5+ Qxg5+ 47. hxg5 Ke7 48. f4 Ke6 49. Kg3 Kf5 50. Kh4 d4 51. Kg3 d3
52. Kf3 h4 0-1

[Event "Olimpiada Calviá 2004"]
[Site "Calviá ESP"]
[Date "2004.10.23"]
[Round "8.51"]
[White "Papatryfonos, Constantinos"]
[Black "Pace, Colin"]
[Result "0-1"]
[WhiteElo "2123"]
[BlackElo "2145"]
[PlyCount "62"]
[EventDate "2004.10.15"]
[EventType "team"]
[EventRounds "14"]
[EventCountry "ESP"]
[Source "lmi"]
[SourceDate "2004.10.27"]

1. d4 Nf6 2. Nf3 g6 3. Bf4 Bg7 4. Nc3 O-O 5. Qd2 d6 6. e4 Nbd7 7. e5 Ne8 8.
O-O-O Nb6 9. Bd3 c6 10. Rde1 dxe5 11. dxe5 Bf5 12. Bh6 Bxd3 13. cxd3 f6 14. d4
Nc4 15. Qf4 g5 16. Qf5 Bxh6 17. Qe6+ Kh8 18. Qxc4 g4+ 19. Nd2 fxe5 20. Rxe5
Rxf2 21. Nce4 Nd6 22. Qe6 Nxe4 23. Qxh6 Nxd2 24. Qe3 Qf8 25. Rxe7 Nc4 26. Qe4
Qf4+ 27. Qxf4 Rxf4 28. g3 Rf2 29. b3 Na3 30. Rhe1 Rxa2 31. R1e4 Rf8 0-1

[Event "Olimpiada Calviá 2004"]
[Site "Calviá ESP"]
[Date "2004.10.23"]
[Round "8.51"]
[White "Borg, Andrew"]
[Black "Kyriakidis, Thrasos"]
[Result "1/2-1/2"]
[WhiteElo "2125"]
[BlackElo "2157"]
[PlyCount "37"]
[EventDate "2004.10.15"]
[EventType "team"]
[EventRounds "14"]
[EventCountry "ESP"]
[Source "lmi"]
[SourceDate "2004.10.27"]

1. d4 Nf6 2. c4 e6 3. Nf3 d5 4. Nc3 Bb4 5. cxd5 exd5 6. Bg5 h6 7. Bxf6 Qxf6 8.
Qb3 Qd6 9. a3 Bxc3+ 10. Qxc3 a5 11. Rc1 c6 12. e3 Bf5 13. Bd3 Bxd3 14. Qxd3 Nd7
15. O-O O-O 16. Rfd1 Rfe8 17. Nd2 Qe6 18. Re1 f5 19. f4 1/2-1/2

[Event "Olimpiada Calviá 2004"]
[Site "Calviá ESP"]
[Date "2004.10.23"]
[Round "8.51"]
[White "Theocharides, Constantinos"]
[Black "Vella, Duncan"]
[Result "1-0"]
[WhiteElo "2115"]
[BlackElo "2167"]
[PlyCount "97"]
[EventDate "2004.10.15"]
[EventType "team"]
[EventRounds "14"]
[EventCountry "ESP"]
[Source "lmi"]
[SourceDate "2004.10.27"]

1. e4 c5 2. Nc3 g6 3. g3 Bg7 4. Bg2 e6 5. d3 Nc6 6. Be3 Nd4 7. Qd2 Ne7 8. Nd1
d6 9. c3 Ndc6 10. Ne2 Rb8 11. O-O O-O 12. d4 cxd4 13. cxd4 d5 14. Ndc3 dxe4 15.
Nxe4 Nf5 16. Bf4 e5 17. dxe5 Qxd2 18. Nxd2 Bxe5 19. Nc4 Bxf4 20. Nxf4 Ncd4 21.
Rad1 Ne6 22. Nd5 Kg7 23. Rd2 b6 24. Ne5 Ba6 25. Rfd1 Rbc8 26. Nc3 Rfd8 27. Rd7
Rxd7 28. Rxd7 Rc7 29. Rxc7 Nxc7 30. Nc6 Bc4 31. Nxa7 h5 32. Nc8 b5 33. Nb6 Be6
34. a3 Nd6 35. b4 Kf6 36. f4 g5 37. Kf2 gxf4 38. gxf4 Kf5 39. Kg3 f6 40. h4 Kg6
41. Bf1 Nf5+ 42. Kf2 Nd4 43. a4 bxa4 44. Nbxa4 Bd7 45. Nc5 Bc6 46. Bd3+ Kf7 47.
N5e4 Ncb5 48. Nxb5 Bxe4 49. Nd6+ 1-0

[Event "Olimpiada Calviá 2004"]
[Site "Calviá ESP"]
[Date "2004.10.23"]
[Round "8.52"]
[White "Rowe, Duane"]
[Black "Khetho, Phemelo"]
[Result "0-1"]
[WhiteElo "2197"]
[BlackElo "2238"]
[PlyCount "74"]
[EventDate "2004.10.15"]
[EventType "team"]
[EventRounds "14"]
[EventCountry "ESP"]
[Source "lmi"]
[SourceDate "2004.10.27"]

1. e4 d5 2. exd5 Nf6 3. Bb5+ Bd7 4. Bc4 Bg4 5. f3 Bf5 6. Nc3 Nbd7 7. Nge2 Nb6
8. Bb3 Nfxd5 9. d4 e6 10. Ng3 Nxc3 11. bxc3 Bg6 12. O-O c5 13. f4 c4 14. Qe2
cxb3 15. f5 Bd6 16. fxg6 hxg6 17. Qb5+ Kf8 18. Bg5 Qc7 19. Qd3 Bxg3 20. hxg3
bxc2 21. Qxg6 Kg8 22. Qxc2 Qxg3 23. Bf4 Qh4 24. Rae1 Nd5 25. Be5 Rc8 26. c4 f6
27. Re4 Qh7 28. Bg3 Nc3 29. Re2 Nxe2+ 30. Qxe2 Re8 31. d5 Qh5 32. Qxh5 Rxh5 33.
d6 Rc5 34. Bf2 Rxc4 35. Bxa7 Rd8 36. Rb1 Rxd6 37. Rxb7 Rd2 0-1

[Event "Olimpiada Calviá 2004"]
[Site "Calviá ESP"]
[Date "2004.10.23"]
[Round "8.52"]
[White "Oatlhotse, Providence"]
[Black "Lorne, Malaku"]
[Result "0-1"]
[WhiteElo "2128"]
[BlackElo "2110"]
[PlyCount "110"]
[EventDate "2004.10.15"]
[EventType "team"]
[EventRounds "14"]
[EventCountry "ESP"]
[Source "lmi"]
[SourceDate "2004.10.27"]

1. d4 Nf6 2. c4 e6 3. Nf3 b6 4. g3 Bb7 5. Bg2 Be7 6. O-O O-O 7. Nc3 d5 8. Qb3
Nbd7 9. Rd1 Qc8 10. Bg5 dxc4 11. Qxc4 c5 12. Rac1 h6 13. Bxf6 Nxf6 14. dxc5
Bxc5 15. Na4 Bd5 16. Qc2 Qb7 17. Nxc5 bxc5 18. b3 Rac8 19. Ne1 Ne4 20. f3 Nf6
21. e4 Bc6 22. Nd3 Nd7 23. Nb2 Nb6 24. Rd6 Bb5 25. a4 Bc6 26. Nc4 Qc7 27. Rdd1
Nd7 28. f4 Rb8 29. Rb1 Rb4 30. e5 Bxg2 31. Qxg2 Nb6 32. Nd6 Nd5 33. Qd2 Rfb8
34. Qd3 Rd4 35. Qf3 Rxd1+ 36. Rxd1 Qb6 37. Rb1 c4+ 38. Kh1 cxb3 39. f5 Qe3 40.
Qh5 Rf8 41. f6 gxf6 42. Qg4+ Kh7 43. Nc4 Qd3 44. Rd1 Qg6 45. Qf3 Rb8 46. exf6
b2 47. Nxb2 Rxb2 48. Rf1 Qc2 49. Rf2 Qxf2 50. Qe4+ Kg8 51. Qg4+ Kf8 52. Qg7+
Ke8 53. Qg8+ Kd7 54. Qxf7+ Kd6 55. Qf8+ Ke5 0-1

[Event "Olimpiada Calviá 2004"]
[Site "Calviá ESP"]
[Date "2004.10.23"]
[Round "8.53"]
[White "Salcedo, Ivan"]
[Black "Mukabi, John"]
[Result "1-0"]
[WhiteElo "2150"]
[BlackElo "2105"]
[PlyCount "65"]
[EventDate "2004.10.15"]
[EventType "team"]
[EventRounds "14"]
[EventCountry "ESP"]
[Source "lmi"]
[SourceDate "2004.10.27"]

1. e4 c5 2. Nf3 Nc6 3. d4 cxd4 4. Nxd4 g6 5. Nc3 Bg7 6. Be3 Nf6 7. f3 a6 8. Qd2
d6 9. O-O-O Nxd4 10. Bxd4 b5 11. h4 Be6 12. h5 O-O 13. hxg6 fxg6 14. Kb1 Qc7
15. Bxf6 Bxf6 16. Nd5 Bxd5 17. Qxd5+ Kg7 18. Qd2 Rh8 19. g4 Rac8 20. Bd3 Qc5
21. f4 Kf7 22. f5 g5 23. c3 Qe5 24. Qc2 Kg7 25. Qh2 Qxh2 26. Rxh2 h6 27. a3 Kf7
28. Bc2 Bg7 29. Bb3+ Kf6 30. Rd5 Rc7 31. a4 Rb8 32. Ka2 Rc5 33. e5+ 1-0

[Event "Olimpiada Calviá 2004"]
[Site "Calviá ESP"]
[Date "2004.10.23"]
[Round "8.54"]
[White "Nanjo, Ryosuke"]
[Black "Phillips, Roy"]
[Result "0-1"]
[WhiteElo "2154"]
[BlackElo "2229"]
[PlyCount "68"]
[EventDate "2004.10.15"]
[EventType "team"]
[EventRounds "14"]
[EventCountry "ESP"]
[Source "lmi"]
[SourceDate "2004.10.27"]

1. d4 Nf6 2. c4 e6 3. Nf3 Bb4+ 4. Bd2 Qe7 5. g3 O-O 6. Bg2 a5 7. O-O Bxd2 8.
Qxd2 d6 9. Nc3 Re8 10. Rac1 e5 11. dxe5 dxe5 12. Nd5 Qd8 13. Rfd1 c6 14. Nxf6+
Qxf6 15. Qc3 Nd7 16. c5 Qe7 17. Nd2 Nf6 18. e4 Be6 19. a4 Qc7 20. Nf1 Red8 21.
Ne3 h6 22. b4 axb4 23. Qxb4 Ra7 24. Qb6 Qxb6 25. cxb6 Rxd1+ 26. Rxd1 Rxa4 27.
Rd8+ Kh7 28. Rb8 Ra1+ 29. Bf1 Rb1 30. Rxb7 Nd7 31. Kg2 Rxb6 32. Rc7 Nc5 33. Kf3
Nb3 34. Nc4 Bxc4 0-1

[Event "Olimpiada Calviá 2004"]
[Site "Calviá ESP"]
[Date "2004.10.23"]
[Round "8.54"]
[White "Li Ying, Patrick"]
[Black "Shiomi, Ryo"]
[Result "0-1"]
[WhiteElo "2200"]
[BlackElo "2072"]
[PlyCount "68"]
[EventDate "2004.10.15"]
[EventType "team"]
[EventRounds "14"]
[EventCountry "ESP"]
[Source "lmi"]
[SourceDate "2004.10.27"]

1. e4 c5 2. Nf3 Nc6 3. d4 cxd4 4. Nxd4 Nf6 5. Nc3 e6 6. Ndb5 Bb4 7. Nd6+ Ke7 8.
Nxc8+ Rxc8 9. Bd3 d5 10. exd5 Qxd5 11. O-O Bxc3 12. bxc3 Rhd8 13. Ba3+ Ke8 14.
c4 Qa5 15. Qc1 Ne5 16. Rb1 Nxd3 17. cxd3 Rxd3 18. Rb3 Rcd8 19. c5 Qa4 20. Bb2
Rxb3 21. axb3 Qxb3 22. Be5 Qa4 23. Qg5 Rd1 24. g3 Rxf1+ 25. Kxf1 Qe4 26. Bd6
Qd3+ 27. Ke1 Qb1+ 28. Ke2 Qc2+ 29. Ke1 Qxf2+ 30. Kd1 Qg1+ 31. Kc2 Qxh2+ 32. Kb3
Qh6 33. Qe5 Qd2 34. Qa1 Qd3+ 0-1

[Event "Olimpiada Calviá 2004"]
[Site "Calviá ESP"]
[Date "2004.10.23"]
[Round "8.54"]
[White "Hayashi, Kenji"]
[Black "Chinasamy, Devarajen"]
[Result "1-0"]
[WhiteElo "2056"]
[BlackElo "2200"]
[PlyCount "107"]
[EventDate "2004.10.15"]
[EventType "team"]
[EventRounds "14"]
[EventCountry "ESP"]
[Source "lmi"]
[SourceDate "2004.10.27"]

1. d4 e6 2. Nf3 Nf6 3. Bg5 d5 4. Nbd2 Be7 5. e3 O-O 6. Bd3 h6 7. Bh4 Nbd7 8. c3
c5 9. O-O b6 10. Re1 Bb7 11. Rc1 Ne4 12. Bxe7 Qxe7 13. Bb1 Ndf6 14. Ne5 Nxd2
15. Qxd2 Ne4 16. Qe2 Rad8 17. f3 Nf6 18. Qc2 g6 19. dxc5 bxc5 20. Qa4 Qc7 21.
Qh4 Qxe5 22. f4 Qc7 23. Qxf6 Rfe8 24. Qh4 Kg7 25. Rcd1 Qb6 26. Rd2 Rd6 27. Red1
Red8 28. Qg3 Kf8 29. h4 d4 30. e4 dxc3 31. Qxc3 Rd4 32. f5 Qd6 33. Rxd4 cxd4
34. Qd2 Kg7 35. f6+ Kxf6 36. Qxh6 Ke7 37. Qg5+ Ke8 38. Bd3 a6 39. Rf1 Qe7 40.
Qg3 Qd6 41. Qg5 Qe7 42. Rf6 Rc8 43. e5 Qc5 44. Rxf7 Qc1+ 45. Qxc1 Rxc1+ 46. Rf1
Rxf1+ 47. Kxf1 Kf7 48. g4 a5 49. Ke2 Bd5 50. a3 Kg7 51. g5 Bg2 52. Bc2 Bh3 53.
Be4 Bf5 54. Kd3 1-0

[Event "Olimpiada Calviá 2004"]
[Site "Calviá ESP"]
[Date "2004.10.23"]
[Round "8.54"]
[White "Seegolam, Pradeep"]
[Black "Yamagishi, Tomohiko"]
[Result "0-1"]
[WhiteElo "2200"]
[BlackElo "2087"]
[PlyCount "69"]
[EventDate "2004.10.15"]
[EventType "team"]
[EventRounds "14"]
[EventCountry "ESP"]
[Source "lmi"]
[SourceDate "2004.10.27"]

1. e4 d6 2. d4 Nf6 3. Nc3 g6 4. Be2 Bg7 5. Be3 a6 6. Qd2 b5 7. a3 Bb7 8. Bf3
Qc8 9. h3 Nbd7 10. Nge2 Nb6 11. b3 Nfd7 12. O-O c5 13. Rad1 O-O 14. Nd5 Nxd5
15. exd5 c4 16. b4 Nb6 17. Nc3 Qc7 18. Bh6 Rad8 19. Bxg7 Kxg7 20. Qg5 Rde8 21.
Qg3 Qc8 22. Rfe1 Qa8 23. h4 Nxd5 24. Bxd5 Bxd5 25. Qg5 Be6 26. d5 h6 27. Qf4
Bf5 28. Rd2 Qc8 29. f3 e5 30. dxe6 Rxe6 31. Red1 Rfe8 32. g4 Re1+ 33. Rxe1 Bxg4
34. Rxe8 Qxe8 35. Re2 0-1

[Event "Olimpiada Calviá 2004"]
[Site "Calviá ESP"]
[Date "2004.10.23"]
[Round "8.57"]
[White "Calangi, Zachary Alexander"]
[Black "Hawes, Jonathan"]
[Result "0-1"]
[WhiteElo "2142"]
[BlackElo "2151"]
[PlyCount "106"]
[EventDate "2004.10.15"]
[EventType "team"]
[EventRounds "14"]
[EventCountry "ESP"]
[Source "lmi"]
[SourceDate "2004.10.27"]

1. e4 e6 2. d4 d5 3. Nc3 Bb4 4. e5 b6 5. Qg4 Bf8 6. Bg5 Qd7 7. Nf3 Ba6 8. Bxa6
Nxa6 9. O-O h6 10. Be3 Ne7 11. Nd2 Nf5 12. Qe2 Nb4 13. Nb3 Be7 14. a3 Nc6 15.
Rad1 h5 16. Nb1 Bd8 17. c4 Nce7 18. c5 a6 19. cxb6 cxb6 20. Bg5 Qa4 21. Rd3 Nc6
22. Qd1 Bxg5 23. Nc3 Qc4 24. f4 Be7 25. Rff3 a5 26. Rh3 Kd7 27. Nd2 Qa6 28. Nf3
b5 29. a4 bxa4 30. Nxa4 Nb4 31. Rc3 g6 32. Nc5+ Bxc5 33. dxc5 Rac8 34. Ng5 Ke7
35. Qa4 d4 36. Rc1 Ne3 37. Rf3 Nd3 38. Qxd4 Nxc1 39. Qxe3 Qc4 40. Ne4 Rhd8 41.
Nd6 Qxc5 42. Nxc8+ Rxc8 43. Kf2 Nd3+ 44. Kg3 Qxe3 45. Rxe3 Nxb2 46. Rb3 Nc4 47.
Rb7+ Kf8 48. Ra7 Rc5 49. Kf3 Nb6 50. Ra6 Nd5 51. g3 Kg7 52. h4 Rc3+ 53. Kf2 Ra3
0-1

[Event "Olimpiada Calviá 2004"]
[Site "Calviá ESP"]
[Date "2004.10.23"]
[Round "8.57"]
[White "Chang, Hon Kun"]
[Black "Wojciechowski, Paul"]
[Result "0-1"]
[WhiteElo "2073"]
[BlackElo "2146"]
[PlyCount "50"]
[EventDate "2004.10.15"]
[EventType "team"]
[EventRounds "14"]
[EventCountry "ESP"]
[Source "lmi"]
[SourceDate "2004.10.27"]

1. e4 c5 2. Nf3 d6 3. d4 cxd4 4. Nxd4 Nf6 5. Nc3 a6 6. Be2 e5 7. Nb3 Be7 8. a4
Nbd7 9. O-O O-O 10. a5 b5 11. axb6 Nxb6 12. Be3 Qc7 13. Kh1 Nc4 14. Nd5 Nxd5
15. Qxd5 Be6 16. Qd1 Nxb2 17. Qe1 Qxc2 18. Na5 Nd3 19. Qd1 Qxd1 20. Rfxd1 Nb4
21. Nc4 Nc2 22. Ra5 Bd8 23. Bb6 Bxc4 24. Bxd8 Bxe2 25. Rd2 Rfxd8 0-1

[Event "Olimpiada Calviá 2004"]
[Site "Calviá ESP"]
[Date "2004.10.23"]
[Round "8.57"]
[White "Simmons, Matthew"]
[Black "Fesalbon, Rolando"]
[Result "1-0"]
[WhiteElo "2065"]
[BlackElo "2148"]
[PlyCount "63"]
[EventDate "2004.10.15"]
[EventType "team"]
[EventRounds "14"]
[EventCountry "ESP"]
[Source "lmi"]
[SourceDate "2004.10.27"]

1. e4 Nf6 2. e5 Nd5 3. c4 Nb6 4. c5 Nd5 5. Bc4 e6 6. Nc3 Nxc3 7. dxc3 Bxc5 8.
Qg4 g6 9. Bg5 Be7 10. Be3 d5 11. exd6 cxd6 12. Ne2 Nc6 13. f4 a6 14. O-O O-O
15. g3 d5 16. Rad1 Qc7 17. Bd3 e5 18. f5 Bf6 19. Bh6 Re8 20. Bb1 d4 21. Bg5 Bg7
22. Qh4 dxc3 23. Nxc3 Qb6+ 24. Rf2 Nd4 25. Be3 gxf5 26. g4 Qc6 27. Rdf1 b5 28.
gxf5 Qb6 29. f6 Bxf6 30. Qxh7+ Kf8 31. Bh6+ Ke7 32. Nd5+ 1-0

[Event "Olimpiada Calviá 2004"]
[Site "Calviá ESP"]
[Date "2004.10.23"]
[Round "8.58"]
[White "Muendle, Kurt"]
[Black "Tromp, Rigoberto"]
[Result "1-0"]
[WhiteElo "2016"]
[BlackElo "2069"]
[PlyCount "109"]
[EventDate "2004.10.15"]
[EventType "team"]
[EventRounds "14"]
[EventCountry "ESP"]
[Source "lmi"]
[SourceDate "2004.10.27"]

1. d4 Nf6 2. c4 c5 3. d5 e6 4. Nf3 exd5 5. cxd5 d6 6. Nc3 a6 7. a4 g6 8. e4 Bg7
9. Be2 O-O 10. Nd2 Qc7 11. O-O Nbd7 12. Nc4 Re8 13. Bf4 Ne5 14. Nxe5 dxe5 15.
Be3 Qd6 16. f3 Bd7 17. Qd2 Rec8 18. b3 Ne8 19. g4 Qf8 20. a5 Nd6 21. Na4 Bxa4
22. Rxa4 Rc7 23. Rc1 Rac8 24. Bc4 Kh8 25. Ra2 f5 26. gxf5 gxf5 27. Bd3 Qf7 28.
Rac2 Qg6+ 29. Qg2 Bh6 30. Bxh6 Qxh6 31. Kh1 Rg8 32. Qf2 fxe4 33. Bxe4 Qf4 34.
Qd2 Qf6 35. Qe3 Rf7 36. Rg2 Nxe4 37. Rxg8+ Kxg8 38. fxe4 Qf3+ 39. Qxf3 Rxf3 40.
Rxc5 Rxb3 41. Rc7 Rb4 42. d6 Rd4 43. d7 Kf8 44. Rxb7 Ke7 45. d8=Q+ Kxd8 46.
Rxh7 Rxe4 47. Ra7 Rb4 48. Rxa6 Rb5 49. Kg2 Kc8 50. Kf3 Kb7 51. Rb6+ Rxb6 52.
axb6 Kxb6 53. Ke4 Kc6 54. Kxe5 Kd7 55. Kf6 1-0

[Event "Olimpiada Calviá 2004"]
[Site "Calviá ESP"]
[Date "2004.10.23"]
[Round "8.59"]
[White "Kawuma, Steven Male"]
[Black "Maduro, Sherman"]
[Result "1-0"]
[WhiteElo "2141"]
[BlackElo "2116"]
[PlyCount "93"]
[EventDate "2004.10.15"]
[EventType "team"]
[EventRounds "14"]
[EventCountry "ESP"]
[Source "lmi"]
[SourceDate "2004.10.27"]

1. e4 e5 2. Nf3 Nc6 3. Bb5 a6 4. Ba4 Nf6 5. d3 b5 6. Bb3 Be7 7. c3 O-O 8. Nbd2
d6 9. Qe2 Na5 10. Bc2 Re8 11. O-O h6 12. Rd1 c5 13. Nf1 Bf8 14. Ng3 g6 15. d4
cxd4 16. cxd4 Qc7 17. d5 Bd7 18. Bd3 Nb7 19. Bd2 Rec8 20. b4 Qd8 21. h3 Bg7 22.
Be3 Qe7 23. a4 Qe8 24. Rdc1 Kh7 25. Rxc8 Rxc8 26. axb5 Bxb5 27. Bxb5 axb5 28.
Ra7 Rb8 29. Qc2 Rc8 30. Qa2 Rc7 31. Qa6 Qc8 32. Qxb5 Nd8 33. Rxc7 Qxc7 34. Qa5
Qc8 35. Qb6 Bf8 36. Kh2 Nd7 37. Qa7 Qb7 38. Qa5 Qc8 39. Nd2 Be7 40. Qb5 Qb7 41.
Qc4 Nb6 42. Qd3 Kg7 43. Nc4 Nxc4 44. Qxc4 Qd7 45. b5 Nb7 46. Qc6 Nc5 47. Bxc5
1-0

[Event "Olimpiada Calviá 2004"]
[Site "Calviá ESP"]
[Date "2004.10.23"]
[Round "8.59"]
[White "Dekker, Marvin"]
[Black "Munanira, Isaac"]
[Result "1-0"]
[WhiteElo "2133"]
[BlackElo "2200"]
[PlyCount "117"]
[EventDate "2004.10.15"]
[EventType "team"]
[EventRounds "14"]
[EventCountry "ESP"]
[Source "lmi"]
[SourceDate "2004.10.27"]

1. d4 d5 2. c4 e6 3. Nc3 Nf6 4. Bg5 Be7 5. cxd5 exd5 6. Nf3 h6 7. Bh4 O-O 8. e3
b6 9. Bd3 Bb7 10. O-O Nbd7 11. Qc2 c5 12. Rac1 Re8 13. Rfd1 Ne4 14. Nxd5 Bxh4
15. Bxe4 Bxf2+ 16. Kxf2 f5 17. Ne7+ Qxe7 18. Bxb7 Qxe3+ 19. Kf1 Rad8 20. Bc6
Rf8 21. Qb3+ Qxb3 22. axb3 cxd4 23. Bxd7 Rxd7 24. Rxd4 Re7 25. Re1 Rc7 26. Red1
Rff7 27. Rd8+ Kh7 28. Re8 Rc2 29. Rd2 Rc1+ 30. Kf2 f4 31. Red8 Rcc7 32. Nd4
Rce7 33. Re2 Rb7 34. Ne6 g5 35. Rc8 Rfe7 36. Nd8 Rxe2+ 37. Kxe2 Re7+ 38. Kd2
Kg6 39. Nc6 Rd7+ 40. Ke2 Kf6 41. Rh8 Kg7 42. Ra8 Kf6 43. Rxa7 Rd6 44. Rh7 Kg6
45. Rc7 Re6+ 46. Kd2 h5 47. Nd4 Rd6 48. Rc6 Rxc6 49. Nxc6 g4 50. Ke2 Kg5 51.
Nb4 h4 52. Nd5 b5 53. Nc3 b4 54. Na2 Kf5 55. Nxb4 Ke4 56. Nc2 f3+ 57. gxf3+
gxf3+ 58. Kf2 h3 59. Ne1 1-0

[Event "Olimpiada Calviá 2004"]
[Site "Calviá ESP"]
[Date "2004.10.23"]
[Round "8.60"]
[White "Prasad, Calvin"]
[Black "Adedeji Olatunji, Adekola"]
[Result "0-1"]
[WhiteElo "1803"]
[BlackElo "2093"]
[PlyCount "68"]
[EventDate "2004.10.15"]
[EventType "team"]
[EventRounds "14"]
[EventCountry "ESP"]
[Source "lmi"]
[SourceDate "2004.10.27"]

1. d4 Nf6 2. c4 e6 3. Nf3 b6 4. g3 Ba6 5. Qc2 Bb4+ 6. Bd2 Be7 7. Bg2 Bb7 8. Nc3
O-O 9. O-O d5 10. cxd5 exd5 11. Rac1 Nbd7 12. Bg5 Re8 13. Rfe1 Ne4 14. Bxe7
Rxe7 15. Nxe4 dxe4 16. Nd2 Nf6 17. e3 Qd7 18. Nc4 Qe6 19. a3 Bd5 20. Ne5 c5 21.
Qc3 Rd8 22. Nc4 Rc7 23. Nd2 h6 24. b4 c4 25. b5 a5 26. Nb1 Nh7 27. Qc2 Ng5 28.
Nc3 Nf3+ 29. Bxf3 exf3 30. Nxd5 Rxd5 31. Qd1 Qe4 32. Qc2 Qg4 33. Qd1 Rf5 34. e4
Qh3 0-1

[Event "Olimpiada Calviá 2004"]
[Site "Calviá ESP"]
[Date "2004.10.23"]
[Round "8.64"]
[White "El-Zayat, Ahmed"]
[Black "Berlinsky, Vladimir"]
[Result "0-1"]
[WhiteElo "1958"]
[BlackElo "2347"]
[PlyCount "126"]
[EventDate "2004.10.15"]
[EventType "team"]
[EventRounds "14"]
[EventCountry "ESP"]
[Source "lmi"]
[SourceDate "2004.10.27"]

1. d4 Nf6 2. Nf3 c5 3. c3 e6 4. Bf4 b6 5. e3 Bb7 6. Nbd2 Be7 7. Bd3 d6 8. O-O
Nh5 9. Bg3 Nxg3 10. fxg3 Nd7 11. Qe2 d5 12. e4 cxd4 13. cxd4 dxe4 14. Nxe4 O-O
15. Rad1 a6 16. Bb1 Rc8 17. h4 Nf6 18. Nc3 b5 19. Ne5 Qb6 20. Qd3 g6 21. g4
Rcd8 22. Qe3 b4 23. Ne2 Nd7 24. g5 Nxe5 25. Qxe5 Bd6 26. Qf6 Qc7 27. Rc1 Qd7
28. h5 Be7 29. Qf4 Qd5 30. Qg3 Bxg5 31. Rc5 Be3+ 32. Kh1 Qxg2+ 33. Qxg2 Bxg2+
34. Kxg2 Bxd4 35. Nxd4 Rxd4 36. hxg6 hxg6 37. Rc7 a5 38. Bc2 Rd2+ 39. Kf3 Rfd8
40. Ke3 R8d7 41. Rxd7 Rxd7 42. Bb3 Kg7 43. Rc1 Ra7 44. Rd1 g5 45. Ke4 Kf6 46.
Rf1+ Ke7 47. Bc4 a4 48. Rg1 Ra5 49. Kd4 Rf5 50. Re1 g4 51. Re2 Kf6 52. Bd3 Rf4+
53. Re4 Kg5 54. Ke5 Rf5+ 55. Kd4 g3 56. Re3 Rf4+ 57. Be4 f5 58. Rxg3+ Kf6 59.
b3 Rxe4+ 60. Kd3 axb3 61. axb3 Rg4 62. Re3 e5 63. Rh3 Rd4+ 0-1

[Event "Olimpiada Calviá 2004"]
[Site "Calviá ESP"]
[Date "2004.10.23"]
[Round "8.64"]
[White "Dukaczewski, Piotr"]
[Black "Elarbi, Abobker"]
[Result "0-1"]
[WhiteElo "2366"]
[BlackElo "2253"]
[PlyCount "118"]
[EventDate "2004.10.15"]
[EventType "team"]
[EventRounds "14"]
[EventCountry "ESP"]
[Source "lmi"]
[SourceDate "2004.10.27"]

1. e4 e5 2. Nf3 Nc6 3. d4 exd4 4. Nxd4 Bc5 5. Nxc6 Qf6 6. Qd2 dxc6 7. Nc3 Bg4
8. Bd3 O-O-O 9. O-O Ne7 10. Na4 Bb6 11. Nxb6+ cxb6 12. Qf4 Qxf4 13. Bxf4 Ng6
14. Bg3 Rhf8 15. f3 Be6 16. Rfd1 f5 17. exf5 Bxf5 18. Bxf5+ Rxf5 19. Rxd8+ Kxd8
20. Rd1+ Kc8 21. Re1 Kd7 22. Re2 b5 23. Kf1 Rd5 24. Ke1 a5 25. Re4 a4 26. Ke2
Nf8 27. Bf2 Ne6 28. Be3 Ke7 29. b3 axb3 30. axb3 Kf7 31. Rh4 h5 32. Rb4 Kf6 33.
h3 Rd7 34. Re4 Rd5 35. Ke1 Re5 36. Rxe5 Kxe5 37. Kf2 h4 38. g3 hxg3+ 39. Kxg3
Kf5 40. Kf2 g6 41. Ke2 Ke5 42. h4 Kf5 43. Kd3 Nf4+ 44. Kd4 Ng2 45. Bf2 Kf4 46.
Kc5 Kxf3 47. Bd4 Nxh4 48. Kb6 Nf5 49. Bc5 Ne3 50. Kxb7 Nxc2 51. b4 g5 52. Kxc6
Na3 53. Kd5 g4 54. Kd4 Ke2 55. Bd6 Kf2 56. Kd3 g3 57. Bc5+ Kf1 58. Kc3 g2 59.
Kb3 Nc4 0-1